000
00305nam a22001217a 4500
020
_a
0-12-523705-X
082
_a
621.366 WIL'L
100
_a
HAWKES, J. F. B, WILSON, J
_9
57042
245
_a
LASERS, PRINCIPLES AND APPLICATIONS,
260
_a
NEWYORK
_b
PRENTICE HALL
_c
1987
300
_a
308P
942
_c
BK
999
_c
567352
_d
567352